000 00346nam a2200133Ia 4500
008 240624s9999 xx 000 0 und d
041 _aeng
082 _a658.4092 TRA
100 _aTRACY BRIAN
245 _aHOW THE BEST LEADERS LEAD PROVEN SECRETS
260 _c2010
_aNew York
_bAMACOM
300 _aviii, : 248 : p. : cm. ; 23
365 _c
_b28
999 _c22042
_d22042